000 01190nam a22002777a 4500
999 _c20761
_d20761
005 20200129121010.0
008 200129b xxu||||| |||| 00| 0 spa d
020 _a9789587617306
040 _aCO-BoIAVH
_cCO-BoIAVH
041 _aspa
044 _ack
082 _a584.5
_bN32c
100 _aNavarro-López, Jaime Alberto
245 _aCartilla para el manejo de las palmas usadas para techar:
_bcaraná (Lepidocaryum tenue) y Zancona (Socratea exorrhiza)
_cJaime Alberto Navarro López y otros
260 _aBogotá:
_bUniversidad Nacional de Colombia (Sede Bogotá). Facultad Ciencias. Instituto de Ciencias Naturales. Grupo de Investigación en Palmas Silvestres Neotropicales,
_bPalm Harvest Impact in Tropical Forests (PALMS),
_c2013
300 _a34 páginas,
_bFotografías,
_c21 x 26.9 cm
650 0 _aPalmas
_xUtilización.
650 0 _aAprovechamiento sostenible
_vPalmas
650 0 _aPalma zancona
650 0 _aPalma caraná
700 _aGaleano-Garcés, Gloria Amparo
_d1958 -
700 _aBernal, Rodrigo
700 _aArcángel, Ángel Miguel
700 _aKuiru, Ever
942 _2ddc
_cLIBRO